000 01422nam a2200301 i 4500
001 16856
003 ES-MaACL
005 20250822081041.0
007 t|
008 001115s1912 sp ||||1| spa d
080 _a7(460)(073)
100 0 _aTormo y Monzó, Elías,
_d1869-1957
_9110657
245 1 3 _aEl arte español en los museos de la Europa central y oriental /
_cprograma de las Conferencias de Don Elías Tormo.
260 _a[Madrid] :
_b[s.n.,
_c1912] (
_fTipografía Artística)
300 _a16 p. ;
_c16 cm.
490 1 _aConferencias y cursos breves de arte y literatura
500 _aEn la cubierta: Conferencias y cursos breves de arte y literatura organizados por el Ministerio de Instrucción Pública y Bellas Artes, 1912.
500 _aLas conferencias de este programa fueron dictadas en el Ateneo de Madrid el año 1912.
610 2 _aAteneo de Madrid-
_vConferencias-
_vProgramas.
_91909
610 2 _aAteneo de Madrid-
_vObras digitalizadas.
_91930
650 1 7 _aArte español
_2embne
_910189
710 1 _aEspaña.
_bMinisterio de Instrucción Pública y Bellas Artes
_9226896
710 2 _aAteneo de Madrid.
_91875
830 0 0 _aConferencias y cursos breves de arte y literatura (Ateneo de Madrid)
_9180052
852 _aES-MaACL
_jT-1354-F-2
856 4 _uhttp://www.ateneodemadrid.com/biblioteca_digital/folletos/Folletos-0215.pdf
_zVer documento
999 _c16856
_d16856